Manuel de géographie urbaine (notice n° 1566719)

détails MARC
000 -LEADER
fixed length control field 01460cam a2200133 4500500
005 - DATE AND TIME OF LATEST TRANSACTION
control field 20251214002042.0
041 ## - LANGUAGE CODE
Language code of text/sound track or separate title fre
042 ## - AUTHENTICATION CODE
Authentication code dc
100 10 - MAIN ENTRY--PERSONAL NAME
Personal name Paulet, Jean-Pierre
Relator term author
245 00 - TITLE STATEMENT
Title Manuel de géographie urbaine
260 ## - PUBLICATION, DISTRIBUTION, ETC.
Name of publisher, distributor, etc. Armand Colin,<br/>
Date of publication, distribution, etc. 2009.<br/>
520 ## - SUMMARY, ETC.
Summary, etc. La ville est devenue un thème de réflexion essentiel. Alors que l’urbanisation se complexifie sans cesse, il est nécessaire d’expliquer les théories et d’exposer les enjeux récents de l’urbanisation générale : plus de la moitié de la population vit désormais en ville. Après avoir décrit la complexité des dynamiques urbaines, le présent manuel montre que l’urbanisation révèle le niveau de développement. Demeure un problème majeur et universel : l’étalement urbain qui se surajoute à l’opposition récurrente des centres et de leurs périphéries. Enfin, la ville doit être comprise comme un espace vécu dans lequel il faut toujours enrayer la dégradation de l’environnement et réduire les inégalités. Conçue dans un souci de clarté pédagogique, la présente édition est entièrement révisée et enrichie de documents originaux mis à jour. Elle s’adresse aux étudiants des universités et des grandes écoles, ainsi qu’à tous ceux qui veulent comprendre la mondialisation des villes d’aujourd’hui.
856 41 - ELECTRONIC LOCATION AND ACCESS
Uniform Resource Identifier <a href="https://shs.cairn.info/manuel-de-geographie-urbaine--9782200355708?lang=fr&redirect-ssocas=7080">https://shs.cairn.info/manuel-de-geographie-urbaine--9782200355708?lang=fr&redirect-ssocas=7080</a>

Pas d'exemplaire disponible.

PLUDOC

PLUDOC est la plateforme unique et centralisée de gestion des bibliothèques physiques et numériques de Guinée administré par le CEDUST. Elle est la plus grande base de données de ressources documentaires pour les Étudiants, Enseignants chercheurs et Chercheurs de Guinée.

Adresse

627 919 101/664 919 101

25 boulevard du commerce
Kaloum, Conakry, Guinée

Réseaux sociaux

Powered by Netsen Group @ 2025